Normal view
MARC view
- SUPERVISOR LECTURER MUHAMMAD HAIDER
Entry Personal Name
001 - CONTROL NUMBER
- control field: 71067
003 - CONTROL NUMBER IDENTIFIER
- control field: NUST
005 - DATE AND TIME OF LATEST TRANSACTION
- control field: 20210628204604.0
008 - FIXED-LENGTH DATA ELEMENTS
- fixed length control field: 210628|| aca||aabn | a|a d
040 ## - CATALOGING SOURCE
- Original cataloging agency: NUST
- Transcribing agency: NUST
100 ## - HEADING--PERSONAL NAME
- Personal name: SUPERVISOR LECTURER MUHAMMAD HAIDER
670 ## - SOURCE DATA FOUND
- Source citation: Work cat.: (NUST): PC HASSAN NASEER NC AMIN KHALIQ NC MUHAMMAD SALMAN SAEED 71066, PR-SOF-1627- DEVELOPMENT OF REFIGERATOR FOR RURAL AREAS USING THERMOELECTRIC DEVICE, 2017
